[Event "HUN-chT2 Erkel 1516"]
[Site "Hungary"]
[Date "2015.09.13"]
[Round "1.3"]
[White "Kovacs, Zsolt"]
[Black "Gubics, Peter"]
[Result "1-0"]
[WhiteElo "2137"]
[BlackElo "2098"]
[PlyCount "59"]
[EventDate "2015.09.13"]
[EventType "team-tourn"]
[EventRounds "11"]
[EventCountry "HUN"]
[SourceTitle "CBM 170 Extra"]
[Source "ChessBase"]
[SourceDate "2016.02.25"]
[SourceVersion "1"]
[SourceVersionDate "2016.02.25"]
[SourceQuality "1"]
[WhiteTeam "Salgotarjan"]
[BlackTeam "Foti"]
[WhiteTeamCountry "HUN"]
[BlackTeamCountry "HUN"]

1. e4 e6 2. a3 d5 3. e5 c5 4. b4 cxb4 5. axb4 Bxb4 6. c3 Bf8 7. d4 Nc6 8. Bd3 Bd7 9. Ne2 Rc8 10. 0-0 a6 11. f4 g6 12. g4 Qh4 13. Ng3 Nh6 14. Be2 Na7 15. Kg2 Bb5 16. h3 Bxe2 17. Qxe2 Qd8 18. f5 gxf5 19. gxf5 Nxf5 20. Nxf5 exf5 21. e6 Qf6 22. exf7+ Kxf7 23. Qd3 Kg6 24. Bf4 Rg8 25. Nd2 h6 26. Be5 Qe6 27. Kh2 Bd6 28. Rxf5 Rxc3 29. Rg1+ Kh7 30. Rf7# 1-0

[Event "HUN-chT2 Erkel 1213"]
[Site "Hungary"]
[Date "2013.03.24"]
[Round "9.6"]
[White "Kovacs, Zsolt"]
[Black "Torok, Tamas Titusz"]
[Result "1-0"]
[WhiteElo "2113"]
[BlackElo "2081"]
[PlyCount "71"]
[EventDate "2012.09.16"]
[EventType "team-tourn"]
[EventRounds "11"]
[EventCountry "HUN"]
[SourceTitle "EXT 2014"]
[Source "ChessBase"]
[SourceDate "2013.11.20"]
[SourceVersion "1"]
[SourceVersionDate "2013.11.20"]
[SourceQuality "1"]
[WhiteTeam "Paszto"]
[BlackTeam "Pestszentlorinc"]
[WhiteTeamCountry "HUN"]
[BlackTeamCountry "HUN"]

1. e4 e5 2. f4 d5 3. exd5 exf4 4. Nf3 Nf6 5. d4 Nxd5 6. Bc4 Qe7+ 7. Ne5 Qh4+ 8. Kf1 Be6 9. Qe2 Qe7 10. Bxd5 Bxd5 11. Nc3 f3 12. gxf3 Be6 13. Qe4 c6 14. d5 Bd7 15. Bf4 g6 16. dxc6 Bxc6 17. Nd5 Bxd5 18. Qxd5 Qe6 19. Qb5+ Nc6 20. Re1 Be7 21. Nxc6 bxc6 22. Qb7 Qh3+ 23. Kg1 0-0 24. Qxe7 Qxf3 25. Qe3 Qg4+ 26. Qg3 Qf5 27. c3 Rfe8 28. Kg2 Qd5+ 29. Qf3 Qxa2 30. Re2 Qc4 31. Rhe1 Red8 32. Bg5 Rdb8 33. Bh6 Qh4 34. Qf4 Qd8 35. Re8+ Qxe8 36. Rxe8+ 1-0

[Event "HUN-chT2 Breyer 1112"]
[Site "Hungary"]
[Date "2012.05.06"]
[Round "10.6"]
[White "Di Giovanni, Vilmos"]
[Black "Kovacs, Zsolt"]
[Result "1/2-1/2"]
[WhiteElo "1830"]
[BlackElo "2040"]
[PlyCount "57"]
[EventDate "2011.09.25"]
[EventType "team-tourn"]
[EventRounds "11"]
[EventCountry "HUN"]
[SourceTitle "EXT 2013"]
[Source "ChessBase"]
[SourceDate "2012.11.22"]
[SourceVersion "1"]
[SourceVersionDate "2012.11.22"]
[SourceQuality "1"]
[WhiteTeam "MAV Elore"]
[BlackTeam "Torokbalint"]
[WhiteTeamCountry "HUN"]
[BlackTeamCountry "HUN"]

1. d4 Nf6 2. Nf3 g6 3. Bf4 Bg7 4. e3 c5 5. c3 d5 6. Nbd2 cxd4 7. exd4 Qb6 8. Qb3 Qxb3 9. axb3 Nc6 10. h3 0-0 11. Be2 h5 12. 0-0 Bd7 13. b4 a6 14. Ra3 Na7 15. b3 Nb5 16. Bxb5 Bxb5 17. c4 Bc6 18. Rfa1 Rac8 19. Ne5 Rfd8 20. Ra5 dxc4 21. Nxc6 Rxc6 22. bxc4 Rxd4 23. Be3 Rd3 24. b5 axb5 25. Rxb5 b6 26. Ra8+ Kh7 27. Ra7 Nd7 28. Kf1 Bf6 29. Ke2 1/2-1/2

[Event "HUN-chT2 Erkel 1112"]
[Site "Hungary"]
[Date "2012.05.06"]
[Round "10.3"]
[White "Kovacs, Zsolt"]
[Black "Demjen, Attila"]
[Result "1-0"]
[WhiteElo "2076"]
[BlackElo "2021"]
[PlyCount "89"]
[EventDate "2011.09.25"]
[EventType "team-tourn"]
[EventRounds "11"]
[EventCountry "HUN"]
[SourceTitle "EXT 2013"]
[Source "ChessBase"]
[SourceDate "2012.11.22"]
[SourceVersion "1"]
[SourceVersionDate "2012.11.22"]
[SourceQuality "1"]
[WhiteTeam "Paszto"]
[BlackTeam "Honved II"]
[WhiteTeamCountry "HUN"]
[BlackTeamCountry "HUN"]

1. e4 c6 2. d4 d5 3. e5 Bf5 4. h4 h6 5. g4 Bd7 6. Be3 Qb6 7. b3 a5 8. c4 a4 9. c5 Qb4+ 10. Nd2 axb3 11. axb3 Rxa1 12. Qxa1 b6 13. e6 fxe6 14. Qa8 bxc5 15. Bf4 cxd4 16. Bxb8 Kf7 17. Ngf3 Nf6 18. Bf4 g6 19. Ne5+ Kg7 20. Bd3 Be8 21. g5 hxg5 22. Bxg5 Bf7 23. Qxc6 Qd6 24. Qxd6 exd6 25. Bxf6+ Kxf6 26. Nxf7 Kxf7 27. b4 Be7 28. b5 Bxh4 29. Ke2 e5 30. f3 g5 31. Bf5 Rb8 32. Rb1 Rb6 33. Rb4 Bg3 34. Bd7 Ke7 35. Bc6 Ke6 36. Nb3 Bf4 37. Ra4 Be3 38. Ra6 Rb8 39. b6 e4 40. b7 exf3+ 41. Kxf3 Rf8+ 42. Ke2 g4 43. Ra8 Rf2+ 44. Kd3 Rb2 45. b8Q 1-0

[Event "HUN-chT2 Erkel 1112"]
[Site "Hungary"]
[Date "2012.04.22"]
[Round "9.6"]
[White "Muhari, Istvan"]
[Black "Kovacs, Zsolt"]
[Result "1/2-1/2"]
[WhiteElo "2247"]
[BlackElo "2076"]
[PlyCount "37"]
[EventDate "2011.09.25"]
[EventType "team-tourn"]
[EventRounds "11"]
[EventCountry "HUN"]
[SourceTitle "EXT 2013"]
[Source "ChessBase"]
[SourceDate "2012.11.22"]
[SourceVersion "1"]
[SourceVersionDate "2012.11.22"]
[SourceQuality "1"]
[WhiteTeam "Ujszasz"]
[BlackTeam "Paszto"]
[WhiteTeamCountry "HUN"]
[BlackTeamCountry "HUN"]

1. e4 Nc6 2. d4 e5 3. d5 Nce7 4. Bd3 Ng6 5. Ne2 Bc5 6. 0-0 d6 7. Kh1 N8e7 8. Nbc3 a6 9. f4 exf4 10. Bxf4 Nxf4 11. Nxf4 Ng6 12. Qh5 0-0 13. Nxg6 hxg6 14. Qf3 Bd4 15. Rae1 Be5 16. Ne2 Qh4 17. g3 Qh6 18. b3 g5 19. Ng1 1/2-1/2

[Event "HUN-chT2 Erkel 1112"]
[Site "Hungary"]
[Date "2012.03.12"]
[Round "7.3"]
[White "Kovacs, Zsolt"]
[Black "Bernei, Andras"]
[Result "0-1"]
[WhiteElo "2076"]
[BlackElo "2220"]
[PlyCount "70"]
[EventDate "2011.09.25"]
[EventType "team-tourn"]
[EventRounds "11"]
[EventCountry "HUN"]
[SourceTitle "EXT 2013"]
[Source "ChessBase"]
[SourceDate "2012.11.22"]
[SourceVersion "1"]
[SourceVersionDate "2012.11.22"]
[SourceQuality "1"]
[WhiteTeam "Paszto"]
[BlackTeam "Sarkany"]
[WhiteTeamCountry "HUN"]
[BlackTeamCountry "HUN"]

1. e4 e5 2. f4 exf4 3. Nf3 h6 4. d4 g5 5. Bc4 d6 6. 0-0 Bg7 7. c3 Nc6 8. g3 g4 9. Nh4 f3 10. Nd2 Nf6 11. b4 d5 12. exd5 Ne7 13. d6 Qxd6 14. Qb3 0-0 15. Ba3 b5 16. Bxb5 Nfd5 17. Nc4 Qf6 18. Ne5 Qb6 19. Bc4 Bxe5 20. Bxd5 Bxd4+ 21. cxd4 Qxd4+ 22. Kh1 Qxd5 23. b5 Qxb3 24. axb3 Re8 25. Rfe1 Be6 26. h3 Nf5 27. hxg4 f2 28. Rf1 Nxg3+ 29. Kh2 Nxf1+ 30. Rxf1 Bxg4 31. Rxf2 Re2 32. Bc5 Rxf2+ 33. Bxf2 Rb8 34. Bxa7 Rxb5 35. Be3 Rxb3 0-1

[Event "HUN-chT2 Erkel 1112"]
[Site "Hungary"]
[Date "2011.11.13"]
[Round "3.4"]
[White "Egyed, Andras"]
[Black "Kovacs, Zsolt"]
[Result "1-0"]
[WhiteElo "2260"]
[BlackElo "2076"]
[PlyCount "74"]
[EventDate "2011.09.25"]
[EventType "team-tourn"]
[EventRounds "11"]
[EventCountry "HUN"]
[SourceTitle "EXT 2013"]
[Source "ChessBase"]
[SourceDate "2012.11.22"]
[SourceVersion "1"]
[SourceVersionDate "2012.11.22"]
[SourceQuality "1"]
[WhiteTeam "Matra"]
[BlackTeam "Paszto"]
[WhiteTeamCountry "HUN"]
[BlackTeamCountry "HUN"]

1. Nf3 e6 2. c4 c5 3. d4 d5 4. e3 Nf6 5. Nc3 Be7 6. dxc5 Bxc5 7. a3 0-0 8. cxd5 exd5 9. Be2 Nc6 10. 0-0 a6 11. b4 Be7 12. Bb2 Be6 13. Rc1 Rc8 14. Na4 Ne4 15. Nd4 Bd7 16. Nxc6 Bxc6 17. Nc3 Nxc3 18. Bxc3 Bf6 19. Bd4 Bxd4 20. Qxd4 Qg5 21. h4 Qe7 22. Bf3 Rcd8 23. Rc5 Rd6 24. Rd1 Rfd8 25. g3 h6 26. Rd2 Qe6 27. Rc1 Qf5 28. Bg2 Qd7 29. Rc5 Qf5 30. Qb2 Qe6 31. Rd4 Qf6 32. Rc2 Qe6 33. Rcd2 Qf6 34. Qb3 Qe5 35. Qd1 Qe6 36. e4 Re8 37. Kh2 Qd7 1-0

[Event "HUN-chT 1011"]
[Site "Hungary"]
[Date "2010.11.20"]
[Round "3"]
[White "Horvath, Julia"]
[Black "Kovacs, Zsolt"]
[Result "1/2-1/2"]
[WhiteElo "2244"]
[BlackElo "2333"]
[PlyCount "85"]
[EventDate "2010.10.10"]
[EventType "team-tourn"]
[EventRounds "11"]
[EventCountry "HUN"]
[SourceTitle "EXT 2012"]
[Source "ChessBase"]
[SourceDate "2011.11.24"]
[SourceVersion "1"]
[SourceVersionDate "2011.11.24"]
[SourceQuality "1"]
[WhiteTeam "Vasas"]
[BlackTeam "Mako"]
[WhiteTeamCountry "HUN"]
[BlackTeamCountry "HUN"]

1. d4 d5 2. Nf3 Nf6 3. g3 g6 4. Bg2 Bg7 5. 0-0 0-0 6. c4 dxc4 7. Na3 c3 8. bxc3 c5 9. Nc4 Nc6 10. Bb2 Be6 11. Nfe5 Nxe5 12. Nxe5 Bd5 13. f3 Nd7 14. Nxd7 Qxd7 15. Qd2 Bc4 16. Rfd1 Rfd8 17. e4 cxd4 18. cxd4 Qb5 19. a4 Qa6 20. Qb4 Qb6 21. Qxb6 axb6 22. e5 Bb3 23. Rdc1 Rxa4 24. Rxa4 Bxa4 25. f4 e6 26. Bxb7 Bf8 27. Kf2 Bb3 28. Ke3 b5 29. Be4 b4 30. Rc7 h5 31. h3 Bd5 32. Bxd5 Rxd5 33. Rc8 Rd7 34. g4 hxg4 35. hxg4 Ra7 36. Kd3 Ra2 37. Kc2 Ra5 38. Kb3 Rd5 39. Ra8 Rd7 40. Kc4 Rc7+ 41. Kb3 Rd7 42. Kc4 Rc7+ 43. Kb3 1/2-1/2

[Event "HUN-chT 0910"]
[Site "Hungary"]
[Date "2010.05.02"]
[Round "11"]
[White "Lakos, Nikoletta"]
[Black "Kovacs, Zsolt"]
[Result "0-1"]
[WhiteElo "2316"]
[BlackElo "2318"]
[PlyCount "84"]
[EventDate "2009.11.08"]
[EventType "team-tourn"]
[EventRounds "11"]
[EventCountry "HUN"]
[SourceTitle "EXT 2011"]
[Source "ChessBase"]
[SourceDate "2010.11.26"]
[SourceVersion "1"]
[SourceVersionDate "2010.11.26"]
[SourceQuality "1"]
[WhiteTeam "Haladas"]
[BlackTeam "Mako"]
[WhiteTeamCountry "HUN"]
[BlackTeamCountry "HUN"]

1. e4 c5 2. Nf3 e6 3. d4 cxd4 4. Nxd4 Nf6 5. Nc3 d6 6. Bc4 Nc6 7. Be3 a6 8. Bb3 Bd7 9. Qe2 Qc7 10. 0-0-0 b5 11. Nxc6 Bxc6 12. Bg5 Be7 13. Bxf6 Bxf6 14. Nd5 Bxd5 15. exd5 e5 16. Kb1 0-0 17. c4 bxc4 18. Rc1 Qb7 19. Qxc4 Rfc8 20. Qg4 g6 21. Rxc8+ Rxc8 22. Rc1 Rxc1+ 23. Kxc1 Qb6 24. Qg3 Qc5+ 25. Kb1 e4 26. Qe3 Qxe3 27. fxe3 Bg5 28. Bc2 f5 29. b4 Bxe3 30. Kb2 Bb6 31. a4 a5 32. Kb3 Kf7 33. bxa5 Bxa5 34. Kc4 Kf6 35. Kb5 Bd2 36. a5 Ke5 37. a6 Be3 38. Kc4 Bc5 39. g3 g5 40. Bb3 f4 41. gxf4+ gxf4 42. Bd1 f3 0-1

[Event "HUN-chT 0910"]
[Site "Hungary"]
[Date "2010.04.18"]
[Round "10"]
[White "Szakolczai, Peter"]
[Black "Kovacs, Zsolt"]
[Result "1-0"]
[WhiteElo "2272"]
[BlackElo "2318"]
[PlyCount "165"]
[EventDate "2009.11.08"]
[EventType "team-tourn"]
[EventRounds "11"]
[EventCountry "HUN"]
[SourceTitle "EXT 2011"]
[Source "ChessBase"]
[SourceDate "2010.11.26"]
[SourceVersion "1"]
[SourceVersionDate "2010.11.26"]
[SourceQuality "1"]
[WhiteTeam "Dunaharaszti"]
[BlackTeam "Mako"]
[WhiteTeamCountry "HUN"]
[BlackTeamCountry "HUN"]

1. e4 c5 2. Nf3 e6 3. d4 cxd4 4. Nxd4 Nf6 5. Nc3 d6 6. Bc4 Nc6 7. Be3 a6 8. Qe2 Qc7 9. 0-0-0 Bd7 10. Rhg1 b5 11. Bb3 Na5 12. g4 Nxb3+ 13. Nxb3 b4 14. g5 Ng4 15. Nd5 exd5 16. Rxg4 Qc4 17. Qf3 Bxg4 18. Qxg4 Qxe4 19. Qh3 Be7 20. f4 Qe6 21. f5 Qd7 22. Rxd5 Rc8 23. Qg2 Bd8 24. Nc5 Qc6 25. Ne4 Qxd5 26. Nf6+ Bxf6 27. Qxd5 Be5 28. Bd4 0-0 29. f6 Bxd4 30. Qxd4 g6 31. Qh4 h5 32. gxh6 Kh7 33. Qxb4 Rcd8 34. h4 Kxh6 35. Qf4+ Kh7 36. h5 Rg8 37. Qc4 d5 38. Qc7 Rdf8 39. hxg6+ Rxg6 40. Qd6 Re8 41. Qd7 Rf8 42. Qd6 Re8 43. Qxa6 Re6 44. Qb7 Rgxf6 45. Qxd5 Rd6 46. Qe4+ Kg7 47. b4 Rfe6 48. Qg4+ Rg6 49. Qf5 Rgf6 50. Qg5+ Rg6 51. Qe5+ Kf8 52. Kb2 Rge6 53. Qc5 Ke7 54. a4 f6 55. a5 Re5 56. Qc7+ Rd7 57. Qc6 Rd6 58. Qc4 f5 59. a6 Re4 60. Qc7+ Rd7 61. Qc5+ Ke6 62. a7 Rxa7 63. Qxa7 Rxb4+ 64. Kc3 Rh4 65. Qb6+ Ke5 66. Qc7+ Ke6 67. Qc8+ Ke5 68. Qe8+ Kf4 69. Kd3 Rh3+ 70. Kd4 Kf3 71. Qe6 Rh4+ 72. Kd3 f4 73. c4 Kg3 74. Qe1+ Kg4 75. c5 Rh3+ 76. Kd4 Rh6 77. Qg1+ Kf3 78. Qg5 Rh2 79. c6 Rd2+ 80. Ke5 Re2+ 81. Kf5 Re4 82. Qg4+ Ke3 83. Qg1+ 1-0

[Event "HUN-chT U18"]
[Site "Miskolc"]
[Date "2008.10.30"]
[Round "6.10"]
[White "Hajbok, Robert"]
[Black "Kovacs, Zsolt"]
[Result "1-0"]
[WhiteElo "2217"]
[BlackElo "2075"]
[PlyCount "71"]
[EventDate "2008.10.27"]
[EventType "team-swiss"]
[EventRounds "8"]
[EventCountry "HUN"]
[SourceTitle "EXT 2016"]
[Source "ChessBase"]
[SourceDate "2015.10.08"]
[SourceVersion "1"]
[SourceVersionDate "2015.10.08"]
[SourceQuality "1"]

1. d4 e6 2. c4 b6 3. d5 Nf6 4. g3 Bc5 5. Bg2 exd5 6. cxd5 Bb7 7. Nc3 0-0 8. e3 d6 9. Nge2 Nbd7 10. a3 a5 11. Rb1 b5 12. Nxb5 Rb8 13. Nbc3 Ne5 14. Nf4 Ba6 15. h4 Re8 16. Bf1 Bxf1 17. Kxf1 Qc8 18. Kg2 Neg4 19. Qd3 Nxf2 20. Kxf2 Ng4+ 21. Kg2 Nxe3+ 22. Bxe3 Rxe3 23. Qd1 Qf5 24. Re1 Rbe8 25. Rxe3 Rxe3 26. Rc1 g5 27. hxg5 Qxg5 28. Nce2 Qg4 29. Qf1 Bd4 30. Rxc7 h5 31. Rc4 Bb6 32. Rc3 Rxc3 33. bxc3 h4 34. Qf3 Qxf3+ 35. Kxf3 hxg3 36. c4 1-0

[Event "HUN-chT2 Erkel 0607"]
[Site "Hungary"]
[Date "2006.12.17"]
[Round "4"]
[White "Kovacs, Istvan"]
[Black "Kovacs, Zsolt"]
[Result "0-1"]
[WhiteElo "2251"]
[BlackElo "2320"]
[PlyCount "36"]
[EventDate "2006.11.12"]
[EventType "team"]
[EventRounds "11"]
[EventCountry "HUN"]
[SourceTitle "EXT 2008"]
[Source "ChessBase"]
[SourceDate "2007.11.25"]
[SourceVersion "1"]
[SourceVersionDate "2007.11.25"]
[SourceQuality "1"]
[WhiteTeam "Ujszasz"]
[BlackTeam "Vasarteri"]
[WhiteTeamCountry "HUN"]
[BlackTeamCountry "HUN"]

1. e4 Nc6 2. Nf3 e5 3. Bb5 a6 4. Bxc6 dxc6 5. Nc3 Bd6 6. h3 Ne7 7. b3 0-0 8. Bb2 Ng6 9. Ne2 Qe7 10. 0-0 Be6 11. d3 Rad8 12. a3 f5 13. Ng3 f4 14. Ne2 Nh4 15. Nc3 Nxf3+ 16. Qxf3 Qh4 17. b4 g5 18. Qe2 f3 0-1

[Event "HUN-chT 0506"]
[Site "Hungary"]
[Date "2006.04.23"]
[Round "11"]
[White "Horvath, Zoltan"]
[Black "Kovacs, Zsolt"]
[Result "1/2-1/2"]
[WhiteElo "2339"]
[BlackElo "2320"]
[PlyCount "100"]
[EventDate "2005.10.16"]
[EventType "team"]
[EventRounds "11"]
[EventCountry "HUN"]
[SourceTitle "EXT 2007"]
[Source "ChessBase"]
[SourceDate "2006.11.23"]
[SourceVersion "1"]
[SourceVersionDate "2006.11.23"]
[SourceQuality "1"]

1. e4 c6 2. d4 d5 3. Nc3 dxe4 4. Nxe4 Nd7 5. Bc4 Ngf6 6. Ng5 e6 7. Qe2 Nb6 8. Bb3 h6 9. N5f3 a5 10. c3 c5 11. Be3 Nbd5 12. Bd2 a4 13. Bc4 Qb6 14. Rb1 Bd6 15. dxc5 Bxc5 16. Ne5 0-0 17. Ngf3 Qc7 18. 0-0 b6 19. Nd4 Bxd4 20. cxd4 Qa7 21. Nc6 Qc7 22. Ne5 Qa7 23. Nc6 Qb7 24. Ne5 Bd7 25. Bd3 Rfd8 26. a3 Be8 27. Rbc1 b5 28. Bb1 b4 29. axb4 Nxb4 30. Ng4 Nbd5 31. Nxf6+ Nxf6 32. Bc3 Bb5 33. Bd3 Bxd3 34. Qxd3 Qb3 35. Rfe1 a3 36. bxa3 Rxa3 37. Qd1 Qxd1 38. Rexd1 Rc8 39. Bb4 Rxc1 40. Rxc1 Rd3 41. Bc5 Rd2 42. Re1 Ne4 43. f3 Nxc5 44. dxc5 Rc2 45. Re5 Kf8 46. h4 Ke7 47. Kh2 f6 48. Re1 Rxc5 49. Ra1 Kf7 50. Ra7+ Kg6 1/2-1/2

[Event "HUN-chT2 Erkel 0506"]
[Site "Hungary"]
[Date "2006.02.26"]
[Round "8"]
[White "Kovacs, Zsolt"]
[Black "Antal, Attila"]
[Result "1-0"]
[WhiteElo "2320"]
[BlackElo "2034"]
[PlyCount "99"]
[EventDate "2005.10.16"]
[EventType "team"]
[EventRounds "11"]
[EventCountry "HUN"]
[SourceTitle "EXT 2009"]
[Source "ChessBase"]
[SourceDate "2008.11.26"]
[SourceVersion "1"]
[SourceVersionDate "2008.11.26"]
[SourceQuality "1"]
[WhiteTeam "Vasarteri"]
[BlackTeam "Fuzesabony"]
[WhiteTeamCountry "HUN"]
[BlackTeamCountry "HUN"]

1. e4 e5 2. f4 exf4 3. Nf3 g5 4. Bc4 Bg7 5. d4 d6 6. 0-0 h6 7. c3 Nf6 8. e5 dxe5 9. Nxe5 0-0 10. Qb3 Be6 11. Bxe6 fxe6 12. Qxe6+ Kh7 13. h4 Qc8 14. Qb3 Nh5 15. Qc2+ Kg8 16. Qg6 Qe8 17. hxg5 hxg5 18. Qxg5 Ng3 19. Re1 Rf5 20. Qg4 Qh5 21. Qxh5 Nxh5 22. Ng6 Kf7 23. Nh4 Rf6 24. Nd2 Ng3 25. Nhf3 Nc6 26. Ne4 Nxe4 27. Rxe4 Bh6 28. Bd2 Ne7 29. Ne5+ Kg7 30. Ng4 Rf7 31. Nxh6 Kxh6 32. Bxf4+ Kg6 33. Bxc7 Rh8 34. Be5 Rh5 35. Rae1 Rfh7 36. Kf2 Nc6 37. Rg4+ Kf5 38. Rg8 Ke6 39. Rg7 Rh1 40. Rxh7 Rxh7 41. g4 Nxe5 42. Rxe5+ Kf6 43. Rh5 Rg7 44. Kf3 Re7 45. Re5 Rh7 46. Kg3 Rh1 47. Rb5 b6 48. g5+ Kg6 49. Kf4 Rf1+ 50. Ke4 1-0

[Event "HUN-chT 0506"]
[Site "Hungary"]
[Date "2006.01.22"]
[Round "6"]
[White "Horvath, Gyula"]
[Black "Kovacs, Zsolt"]
[Result "1-0"]
[WhiteElo "2430"]
[BlackElo "2320"]
[PlyCount "63"]
[EventDate "2005.10.16"]
[EventType "team"]
[EventRounds "11"]
[EventCountry "HUN"]
[SourceTitle "EXT 2007"]
[Source "ChessBase"]
[SourceDate "2006.11.23"]
[SourceVersion "1"]
[SourceVersionDate "2006.11.23"]
[SourceQuality "1"]

1. c4 e6 2. Nf3 d5 3. g3 c5 4. Bg2 Nf6 5. 0-0 Be7 6. b3 0-0 7. Bb2 b6 8. e3 Bb7 9. Nc3 Nbd7 10. Qe2 Rc8 11. Rfd1 Qc7 12. Rac1 dxc4 13. bxc4 Qb8 14. d3 Rfd8 15. Ne1 Bxg2 16. Nxg2 Qb7 17. f4 Nb8 18. g4 Rd7 19. Ne1 Nc6 20. h4 h6 21. g5 hxg5 22. hxg5 Nh7 23. Rd2 Nxg5 24. Qh5 g6 25. Qh6 Ne5 26. fxe5 Nf3+ 27. Nxf3 Qxf3 28. Rh2 Qg4+ 29. Kf2 Qf5+ 30. Ke1 Qxe5 31. Ne4 Bh4+ 32. Qxh4 1-0

[Event "HUN-chT2 Erkel 0506"]
[Site "Hungary"]
[Date "2006.01.22"]
[Round "6"]
[White "Kalo, Istvan"]
[Black "Kovacs, Zsolt"]
[Result "1-0"]
[WhiteElo "2019"]
[BlackElo "2320"]
[PlyCount "43"]
[EventDate "2005.10.16"]
[EventType "team"]
[EventRounds "11"]
[EventCountry "HUN"]
[SourceTitle "EXT 2009"]
[Source "ChessBase"]
[SourceDate "2008.11.26"]
[SourceVersion "1"]
[SourceVersionDate "2008.11.26"]
[SourceQuality "1"]
[WhiteTeam "Ujszasz"]
[BlackTeam "Vasarteri"]
[WhiteTeamCountry "HUN"]
[BlackTeamCountry "HUN"]

1. e4 e5 2. Nf3 Nc6 3. d4 exd4 4. Bc4 Bc5 5. Ng5 Ne5 6. Nxf7 Bb4+ 7. c3 dxc3 8. bxc3 Nxf7 9. cxb4 Qf6 10. Qc2 Ne7 11. Bb2 Qg6 12. Bxf7+ Kxf7 13. 0-0 Rf8 14. Nd2 d6 15. f4 Kg8 16. Rf2 d5 17. Qxc7 Re8 18. f5 Qh6 19. f6 gxf6 20. Rxf6 Qe3+ 21. Kh1 dxe4 22. Qc4+ 1-0

[Event "HUN-chT2 Erkel 0506"]
[Site "Hungary"]
[Date "2005.12.04"]
[Round "5"]
[White "Berki, Ferenc"]
[Black "Kovacs, Zsolt"]
[Result "1/2-1/2"]
[WhiteElo "2051"]
[BlackElo "2320"]
[PlyCount "84"]
[EventDate "2005.10.16"]
[EventType "team"]
[EventRounds "11"]
[EventCountry "HUN"]
[SourceTitle "EXT 2009"]
[Source "ChessBase"]
[SourceDate "2008.11.26"]
[SourceVersion "1"]
[SourceVersionDate "2008.11.26"]
[SourceQuality "1"]
[WhiteTeam "Foti"]
[BlackTeam "Vasarteri"]
[WhiteTeamCountry "HUN"]
[BlackTeamCountry "HUN"]

1. c4 Nf6 2. Nf3 g6 3. Nc3 d5 4. cxd5 Nxd5 5. d4 Bg7 6. e4 Nxc3 7. bxc3 c5 8. Be3 0-0 9. Qd2 Qa5 10. Bc4 Rd8 11. Rb1 a6 12. e5 Nc6 13. Bg5 Bf5 14. Rb2 b5 15. Bb3 Be4 16. Qe3 c4 17. 0-0 Bd3 18. Rd1 Rac8 19. Qd2 Be4 20. Bc2 Bxf3 21. gxf3 Bxe5 22. Qe3 Bd6 23. Be4 Qc7 24. h3 b4 25. Bxc6 Qxc6 26. cxb4 Qb5 27. a3 Rd7 28. Rc2 Qf5 29. Rdc1 Qxh3 30. Bf4 Bxf4 31. Qxf4 Rdc7 32. d5 c3 33. Qe3 Qf5 34. Rxc3 Rxc3 35. Rxc3 Rxc3 36. Qxc3 Qxd5 37. Qc8+ Kg7 38. Qxa6 Qxf3 39. b5 h5 40. b6 h4 41. a4 Qg4+ 42. Kh2 Qf4+ 1/2-1/2

[Event "HUN-chT2 Erkel 0506"]
[Site "Hungary"]
[Date "2005.11.13"]
[Round "3"]
[White "Kovacs, Zsolt"]
[Black "Izso, Daniel"]
[Result "0-1"]
[WhiteElo "2320"]
[BlackElo "2033"]
[PlyCount "164"]
[EventDate "2005.10.16"]
[EventType "team"]
[EventRounds "11"]
[EventCountry "HUN"]
[SourceTitle "EXT 2009"]
[Source "ChessBase"]
[SourceDate "2008.11.26"]
[SourceVersion "1"]
[SourceVersionDate "2008.11.26"]
[SourceQuality "1"]
[WhiteTeam "Vasarteri"]
[BlackTeam "Stat PSC II"]
[WhiteTeamCountry "HUN"]
[BlackTeamCountry "HUN"]

1. e4 c5 2. Nf3 Nc6 3. d4 cxd4 4. Nxd4 Nf6 5. Nc3 e5 6. Ndb5 d6 7. Bg5 a6 8. Na3 b5 9. Nd5 Be7 10. Bxf6 Bxf6 11. c3 0-0 12. Nc2 Bg5 13. a4 bxa4 14. Rxa4 a5 15. Bc4 Rb8 16. b3 Kh8 17. 0-0 g6 18. f4 exf4 19. Nxf4 Qb6+ 20. Kh1 Bxf4 21. Rxf4 Ne5 22. Bd5 Bd7 23. Ra1 Bc6 24. Nd4 Bxd5 25. exd5 Qc5 26. c4 Kg8 27. h4 h5 28. Qc2 Ng4 29. Nc6 Rbe8 30. Qd2 Qe3 31. Qxe3 Rxe3 32. Nxa5 Rfe8 33. Rff1 R8e4 34. Nb7 Ne5 35. Nxd6 Rxh4+ 36. Kg1 Rxb3 37. Rae1 Nxc4 38. Re8+ Kg7 39. Rxf7+ Kh6 40. Nxc4 Rxc4 41. d6 Rb1+ 42. Kf2 Rd1 43. d7 Rcd4 44. Ree7 Kg5 45. Ke2 R1d2+ 46. Ke3 Rd6 47. Kf3 R2d3+ 48. Kf2 R3d4 49. Kf3 R6d5 50. Ke3 Rd1 51. Ke2 R1d2+ 52. Kf3 h4 53. Rg7 R5d3+ 54. Ke4 Rd6 55. Kf3 R2d3+ 56. Ke2 Kf4 57. Ref7+ Kg5 58. Re7 Kh5 59. Re5+ Kh6 60. Ree7 g5 61. Rh7+ Kg6 62. Reg7+ Kf5 63. Rf7+ Kg4 64. Rhg7 Rd2+ 65. Ke3 R6d5 66. Ke4 R2d4+ 67. Ke3 Rd6 68. Kf2 Rd1 69. Ke3 Re6+ 70. Kf2 Rd2+ 71. Kf1 Red6 72. Re7 R6d5 73. Ref7 Ra2 74. Re7 Rd1+ 75. Re1 Rdd2 76. Re5 Ra1+ 77. Re1 Ra5 78. Re8 Rad5 79. Reg8 Kf4 80. d8Q Rxd8 81. Rxg5 Rd1+ 82. Ke2 R8d2# 0-1

[Event "HUN-chT 0506"]
[Site "Hungary"]
[Date "2005.10.30"]
[Round "2"]
[White "Haag, Ervin"]
[Black "Kovacs, Zsolt"]
[Result "1/2-1/2"]
[WhiteElo "2330"]
[BlackElo "2320"]
[PlyCount "64"]
[EventDate "2005.10.16"]
[EventType "team"]
[EventRounds "11"]
[EventCountry "HUN"]
[SourceTitle "EXT 2007"]
[Source "ChessBase"]
[SourceDate "2006.11.23"]
[SourceVersion "1"]
[SourceVersionDate "2006.11.23"]
[SourceQuality "1"]

1. c4 Nf6 2. g3 d5 3. cxd5 Nxd5 4. Bg2 g6 5. Nc3 Nxc3 6. bxc3 Bg7 7. Rb1 Nd7 8. Nf3 0-0 9. 0-0 c5 10. c4 Qc7 11. Bb2 e5 12. d3 Rb8 13. Nd2 Nf6 14. Bc3 b6 15. Qc2 Bb7 16. Bxb7 Rxb7 17. a4 Re8 18. a5 Qd7 19. Rfd1 Qh3 20. Qa4 Rbe7 21. axb6 axb6 22. Rxb6 Ng4 23. Nf1 e4 24. Bxg7 exd3 25. Rxd3 Kxg7 26. Qa1+ f6 27. Rf3 Rxe2 28. Rbxf6 Nxf6 29. Qxf6+ Kg8 30. Qf7+ Kh8 31. Qf6+ Kg8 32. Qf7+ Kh8 1/2-1/2